000 00748nam a2200265Ia 4500
003 OSt
005 20221007080125.0
006 a|||||r|||| 00| 0
007 ta
008 221006b |||||||| |||| 00| 0 eng d
024 _a7,606
037 _cTextual
040 _aFLL
_cFLL
_beng
041 _2eng
_aeng
082 _aX72:Z2q, P5
100 _aSinghania Vinod K. Au.
_9686441
245 0 _aDirect taxes law and practice
250 _a34th
260 _aNew Delhi
_bTaxmann pub. India
_c2005
300 _axxviii,1448p
_ccm.
650 _aDirect taxes
_9431678
700 _a Singhania Kapil Au.
_9694653
942 _hX72:Z2q, P5
_cTEXL
_2CC
999 _c1158429
_d1158429